00327nam a2200121Ia 4500008004100000020001500041041001200056100001400068245006200082260003900144300000800183650001400191221030s9999 xx 000 0 und d a8131700785 aEnglish aA. Kahate 0aIntroduction to Database Management systemscby A. Kahate bPearson EducationaNew Delhic2015 a510 aComputers